000 00247nam a22001097a 4500
082 _a823
_bORI/P
100 _aORIENT LONGMAN
245 _aPICTURES IN THE SKY
260 _aHYDERABAD
_bORIENT LONGMAN
_c1992
650 _aHYDERABAD
_zINDIA
942 _cBK
999 _c4427
_d4427